| 000 | 00634nam a2200169 a 4500 | ||
|---|---|---|---|
| 008 | 130909s2004 ||||||||||||||||| || u | ||
| 020 | _a9780340809624 | ||
| 050 | _aGB 54.5 Phy | ||
| 100 | _aHuggett, Richard | ||
| 245 | 1 | 0 |
_aPhysical geography: a human perspectives _cby Richard Hugget [and others] |
| 260 |
_aNew York: _bHodder Headline Group _c2004 |
||
| 300 | _axiv, 515p.: ill. | ||
| 650 | 0 | _aHUMAN GEOGRAPHY | |
| 650 | _aPHYSICAL GEOGRAPHY | ||
| 650 | 0 | _aHUMAN ECOLOGY | |
| 995 |
_FCBU-MAIN LIBRARY (Kitwe) _M1 _UAVAILABLE _WSep 10, 2013 _ZMain Library Open Access Collection |
||
| 999 |
_c53561 _d53561 |
||